| 000 | 00677 a2200157 4500 | ||
|---|---|---|---|
| 003 | Nust | ||
| 005 | 20170207154215.0 | ||
| 040 | _cNust | ||
| 082 | _a378.4 | ||
| 245 |
_aUni of Wales College of Medicine - UG Prospectus 2001 _cUni of Wales College of Medicine |
||
| 260 |
_aWales _bUni of Wales College of Medicine _c2001 |
||
| 300 | _a132 p. | ||
| 505 | _a Introduction (Page-4) Department at Cardiff University (Page-30) Dentistry (Page-38) Health Studies (Page-52) Medicine (Page-76) Nursing and Midwifery Studies (Page-104) Career Opportunities and Postgraduate Study (Page-118) Further Information (page-122) | ||
| 538 | _aAlmirah No. 117 Shelf No. 2 | ||
| 650 | _aUG Prospectus | ||
| 942 |
_2ddc _cBK |
||
| 999 |
_c195075 _d195075 |
||